000 01040nac a22002897a 4500
001 BR7803763
003 BR-BrBNA
005 20240105114244.0
008 230509b bl.|||m| |||| 00| 0 por d
040 _aBR-BrBNA
_bpor
_cBiblioteca Nacional de Agricultura
072 _aE50; C00
090 _aE50 BR7803763
110 1 _aEmpresa de Assistencia Tecnica e Extensao Rural do Estado do Amazonas, Manaus (Brasil)
_94036
245 1 _aInteracao agente-produtor no processo de difusao de inovacoes no municipio de Tefe - AM [Comunidade rural; Extensao rural; Amazonas; Brasil]
260 3 _aManaus, AM (Brasil):
_c1978.
300 _a55 p.
490 _aSerie Estudos Socio-Economicos do Estado do Amazonas (Brazil)
_vno. 3
_x
500 _a9 tables; 8 ref.; Summary (Pt)
650 _aSociologia rural
650 _aExtensao rural
650 _aComunidade rural
650 _aPesquisa social
650 _aAssistencia tecnica
650 _aAmazonas
909 _a202312
_bLúcia Elande
_c55
_dLúcia Elande
942 _2AGRIS
_n0
_cMS
999 _c268290
_d268290